صناعة المعجم العربي لغير الناطقين بالعربية : (Record no. 30125)

MARC details
000 -LEADER
fixed length control field 00773nam a22001697a 4500
005 - DATE AND TIME OF LATEST TRANSACTION
control field 20251108165530.0
008 - FIXED-LENGTH DATA ELEMENTS--GENERAL INFORMATION
fixed length control field 250721s1983 xx 000 0 ara d
082 14 - DEWEY DECIMAL CLASSIFICATION NUMBER
Classification number م/413.028/دور
111 2# - MAIN ENTRY--MEETING NAME
Meeting name or jurisdiction name as entry element الدورة التدريبية في صناعة المعجم العربي للناطقين باللغات أخرى ( 1981 : الرباط )
245 10 - TITLE STATEMENT
Title صناعة المعجم العربي لغير الناطقين بالعربية :
Remainder of title أبحاث الدورة التدريبية /
264 1# - PRODUCTION, PUBLICATION, DISTRIBUTION, MANUFACTURE, AND COPYRIGHT NOTICE
Place of production, publication, distribution, manufacture الرباط :
Name of producer, publisher, distributor, manufacturer المنظمة العربية للتربية و الثقافة و العلوم - مكتب تنسيق التعريب،
Date of production, publication, distribution, manufacture, or copyright notice 1983.
300 ## - PHYSICAL DESCRIPTION
Extent 276ص
650 17 - SUBJECT ADDED ENTRY--TOPICAL TERM
Topical term or geographic name as entry element اللغة العربية
650 17 - SUBJECT ADDED ENTRY--TOPICAL TERM
Topical term or geographic name as entry element القواميس
942 ## - ADDED ENTRY ELEMENTS (KOHA)
Source of classification or shelving scheme Dewey Decimal Classification
Koha item type References
Holdings
حالة السحب حالة الفقدان مصدر التصنيف حالة التلف غير قابل للإعارة المكتبة الرئيسية المكتبة الحالية موقع الرف تاريخ التزويد الرقم المتسلسل Total Checkouts رقم الإستدعاء الباركود تاريخ آخر ظهور تاريخ الفاتورة نوع المادة (كوها)
    Dewey Decimal Classification   Not For Loan المكتبة المركزية المكتبة المركزية مراجع 06/07/2004 78925   م/413.028/دور 78925 28/07/2025 06/07/2004 References
Implemented & Customized by: BBB with SCIT (Smart Chains for Information Technology)

Powered by Koha